Biplots

Na minha lista:
Detalhes bibliográficos
Main Authors: Gower, J. C (Author), Hand, David J (Author)
Formato: Livro
Idioma:inglês
Publicado em: Londres Chapmam and Hall 1996
Colecção:Monographs on Statistic and Applied Probability, 54
Assuntos:
Tags: Adicionar Tag
Sem tags, seja o primeiro a adicionar uma tag!

MARC

LEADER 00000nam a2200000 a 4500
001 UCU4439
003 CL-VaPUC
008 960524e19960000UK |||||||||||||||||eng|d
082 0 4 |a 516.2  |b GOW  |2 21 
100 0 |a Gower, J. C  |e author  |9 361985 
700 |a Hand, David J  |e author  |9 496548 
245 1 0 |a Biplots 
300 |a 277 p 
942 |c BK 
945 |d 19960524 00:00:00  |a rbrito 
260 |a Londres  |b Chapmam and Hall  |c 1996 
650 0 |a Interpolación   |9 358854 
650 0 |a Matrices   |9 22 
650 0 |a Geometría euclidiana  |9 270055 
650 0 |a Geometría   |9 264063 
650 0 |a Álgebra  |9 259567 
583 |a last modification  |c 19960524 00:00:00  |k Rodrigo Vera 
490 0 |a Monographs on Statistic and Applied Probability, 54 
999 |c 248143  |d 248141 
952 |0 0  |1 0  |4 0  |6 516_200000000000000_GOW_1996  |7 0  |8 A  |9 264578  |a BIBGIM  |b BIBGIM  |d 2019-11-19  |i 3204618  |o 516.2 GOW 1996  |p 3204618  |r 2025-01-15  |w 2019-11-19  |y BK  |k EST 
952 |0 0  |1 0  |4 0  |6 516_200000000000000_GOW_1996  |7 0  |8 A  |9 264579  |a BIBGIM  |b BIBGIM  |d 2019-11-19  |i 3448762  |o 516.2 GOW 1996  |p 3448762  |r 2025-01-15  |w 2019-11-19  |y BK  |k EST